Every Song by Slowdive - Statistics

General Stats
  • This quiz has been taken 51 times
  • The average score is 20 of 71
Answer Stats
Album Song % Correct
Souvlaki(1993) Alison
88%
Souvlaki(1993) 40 Days
76%
Souvlaki(1993) When the Sun Hits
76%
Souvlaki(1993) Dagger
74%
Souvlaki(1993) Souvlaki Space Station
71%
Slowdive(1990) Slowdive
65%
Souvlaki(1993) Machine Gun
62%
Slowdive(2017) Sugar for the Pill
62%
Everything Is Alive(2023) Kisses
56%
Just for a Day(1991) Celia's Dream
53%
Just for a Day(1991) Catch the Breeze
50%
Souvlaki(1993) Here She Comes
50%
Souvlaki(1993) Melon Yellow
50%
Morningrise(1991) Morningrise
50%
Souvlaki(1993) Sing
47%
Just for a Day(1991) Spanish Air
47%
Souvlaki(1993) Altogether
44%
Slowdive(2017) Slomo
44%
Slowdive(2017) Star Roving
44%
Slowdive(1990) Avalyn I
41%
Slowdive(1990) Avalyn II
41%
Pygmalion(1995) Crazy for You
35%
Just for a Day(1991) Erik's Song
35%
Everything Is Alive(2023) Shanty
35%
Just for a Day(1991) Ballad of Sister Sue
32%
Pygmalion(1995) Miranda
32%
Pygmalion(Bonus)(2010) Miranda
32%
Just for a Day(1991) Primal
32%
Pygmalion(1995) Rutti
32%
Slowdive(2017) No Longer Making Time
29%
Just for a Day(1991) The Sadman
29%
Everything Is Alive(2023) Skin in the Game
26%
Everything Is Alive(2023) The Slab
26%
Just for a Day(1991) Waves
26%
Holding Our Breath(1991) Albatross
24%
Everything Is Alive(2023) Alife
24%
Everything Is Alive(2023) Chained to a Cloud
24%
Slowdive(2017) Go Get It
24%
Outside Your Room(1993) Moussaka Chaos
24%
Holding Our Breath(1991) Shine
24%
Slowdive(2017) Don't Know Why
21%
Slowdive(2017) Everyone Knows
21%
Outside Your Room(1993) So Tired
21%
Pygmalion(1995) Visions of LA
18%
Everything Is Alive(2023) Andalucia Plays
15%
Pygmalion(1995) Blue Skied an' Clear
15%
Just for a Day(1991) Brighter
15%
Souvlaki(Bonus)(1994) Country Rain
15%
Slowdive(2017) Falling Ashes
15%
Souvlaki(Bonus)(2005) In Mind
15%
Pygmalion(1995) Cello
12%
Everything Is Alive(2023) Prayer Remembered
12%
Morningrise(1991) She Calls
12%
Pygmalion(Bonus)(2010) Watch Me
9%
Pygmalion(1995) All of Us
6%
Pygmalion(Bonus)(2010) Red Five
6%
Pygmalion(1995) Trellisaze
6%
Slowdive(Bonus)(2017) 30th June
3%
Pygmalion(Bonus)(2010) Ambient Guitar
3%
Pygmalion(Bonus)(2010) Changes
3%
Souvlaki(Bonus)(1994) Good Day Sunshine
3%
Pygmalion(1995) J's Heaven
3%
Morningrise(1991) Losing Today
3%
Pygmalion(Bonus)(2010) Option One
3%
Pygmalion(Bonus)(2010) Prautrock
3%
Pygmalion(Bonus)(2010) Sinewaves
3%
Pygmalion(Bonus)(2010) To Watch
3%
Pygmalion(Bonus)(2010) Yesterday
3%
Non-Album(1992) Beach Song
0%
Pygmalion(Bonus)(2010) Cargo
0%
Souvlaki(Bonus)(1994) Missing You
0%
No matching quizzes found
Score Distribution
Percent of People with Each Score
Percentile by Number Answered
Your Score History
You have not taken this quiz